Forensic science: (Record no. 19637)

MARC details
000 -LEADER
fixed length control field 00932nam a22002537a 4500
008 - FIXED-LENGTH DATA ELEMENTS--GENERAL INFORMATION
fixed length control field 081210t xxu||||| |||| 00| 0 eng d
010 ## - LCCN (DPL NO)
LC control number ENG-92094
020 ## - INTERNATIONAL STANDARD BOOK NUMBER
International Standard Book Number 9780275993238
Terms of availability 485.00
035 ## - SYSTEM CONTROL NUMBER
System control number EN-75627
037 ## - SOURCE OF ACQUISITION
Source of stock number/acquisition DBAD / PUB
040 ## - CATALOGING SOURCE
Original cataloging agency dpl
Language of cataloging English
082 ## - DEWEY DECIMAL CLASSIFICATION NUMBER
Classification number 363.25
100 ## - MAIN ENTRY--PERSONAL NAME
Personal name Houck, Max M.
245 ## - TITLE STATEMENT
Title Forensic science:
Statement of responsibility, etc by Max M. Houck
Remainder of title modern methods of solving crime /
260 ## - PUBLICATION, DISTRIBUTION, ETC. (IMPRINT)
Place of publication, distribution, etc New Delhi
Name of publisher, distributor, etc Macmillan India
Date of publication, distribution, etc 2008(repr.)
270 ## - ADDRESS
Address 2/10, Ansar Road, Daryaganj,
City New Delhi
Postal code 110002
300 ## - PHYSICAL DESCRIPTION
Extent xx, 165p.
Dimensions 23cm (pbk)
500 ## - GENERAL NOTE
General note Includes index
650 ## - SUBJECT ADDED ENTRY--TOPICAL TERM
Topical term or geographic name as entry element Chemistry, Forensic
650 ## - SUBJECT ADDED ENTRY--TOPICAL TERM
Topical term or geographic name as entry element Forensic science
650 ## - SUBJECT ADDED ENTRY--TOPICAL TERM
Topical term or geographic name as entry element Criminal investigation
942 ## - ADDED ENTRY ELEMENTS (KOHA)
Source of classification or shelving scheme Dewey Decimal Classification
Item type English Books
Call number suffix HOU
Classification part 363.25
Holdings
Withdrawn status Lost status Source of classification or shelving scheme Damaged status Not for loan Collection code Home library Current library Date acquired Source of acquisition Cost, normal purchase price Total Checkouts Full call number Barcode Date last seen Copy number Cost, replacement price Koha item type
    Dewey Decimal Classification   Not For Loan Non-fiction D.B.Act.Division D.B.Act.Division 10/12/2008 DBAD / PUB 485.00   363.25 HOU EN-75627 10/12/2008 1 485.00 English Books

© Delhi Public Library
Hit Counter
free hit counter